000
00281nam a2200097Ia 4500
008
230915s9999 xx 000 0 und d
050
_a
LB 2831.58 .R43 2007
100
_a
Rebore,Ronald W.
245
0
_a
Human Resources Administration in Education:A Management Approach
942
_c
BK
999
_c
169759
_d
169759